000 01896cam a2200385Ia 4500
999 _c718
_d718
001 6707467
003 CaAEU
005 20210616115951.0
008 100923s2010 mnua b 001 0 eng d
020 _a9780972577038
020 _a0972577033
020 _a9780972577045 (pbk.)
020 _a0972577041 (pbk.)
035 _aocn665089284
040 _aMUQ
_cMUQ
_dEUF
_dMDT
_dOHI
_dOCLCF
_dCHVBK
_dAEE
050 4 _aHD58.9
_b.S827 2010
082 0 4 _a658.4
_222
090 _aHD 58.9 S833 2010
_bAEE
245 0 0 _aSuccessful manager's handbook :
_bdevelop yourself, coach others /
_cSusan H. Gebelein ... [et al.] and the consultants of PDI Ninth House.
250 _a8th ed.
260 _a[Minneapolis, Minn.?] :
_bPDI Ninth House ;
_aRoswell, GA :
_bPreVisor,
_cc2010.
300 _axv, 704 p. :
_bill. ;
_c26 cm.
336 _atext
_btxt
_2rdacontent
337 _aunmediated
_bn
_2rdamedia
338 _avolume
_bnc
_2rdacarrier
500 _a"shl"--Cover.
504 _aIncludes bibliographical references and index.
505 0 _aAnalyze issues -- Make sound decisions -- Act strategically -- Leverage innovation -- Use financial data -- Manage globally -- Meet customer needs -- Manage execution -- Build realistic plans -- Manage and improve processes -- Champion change -- Show drive and initiative -- Lead courageously -- Influence others -- Motivate others -- Build talent -- Coach and develop others -- Promote teamwork -- Foster open communication -- Speak effectively -- Listen to others -- Write effectively -- Establish relationships -- Manage disagreements -- Increase cultural competence -- Establish trust -- Show adaptability -- Learn continuously -- Resources -- Planning templates.
650 0 _aOrganizational effectiveness.
650 0 _aManagement.
700 1 _aGebelein, Susan H.
710 2 _aPDI Ninth House.
710 2 _aSHLPreVisor.
942 _2lcc
_cBK
_nSO